000 00202 a2200097 4500
001 9376
100 _aGhirardi, A A
245 _aRadio physics course.
260 _a
_bRinehart
_c
090 _c7537
_d7537
942 _aNUST-CAE
_cM
_c34197
999 _c244449
_d244449